Les Principaux Milieux de terrain de l'AC Milan depuis 1990 - Statistiques

Statistiques générales
  • Ce quiz a été pris 79 fois
    18 depuis la dernière actualisation
  • Le résultat moyen est 12 sur 28
Statistiques - réponses
Date de Passage
Nationalité
sportive
Réponse % Correct
2025- France Adrien Rabiot
94%
2002-2012 Pays-Bas Clarence Seedorf
88%
2025- Croatie Luka Modric
88%
2001-2011 Italie Andrea Pirlo
82%
1999-2012 Italie Gennaro Gattuso
82%
2019- Algérie Ismaël Bennacer
82%
2017-2022 Côte d'Ivoire Franck Kessié
76%
2024- France Youssouf Fofana
76%
2017-2021 Turquie Hakan Calhanoglu
65%
2023-2025 Pays-Bas Tijjani Reijnders
59%
2009 2010 Angleterre David Beckham
53%
2023- Angleterre Ruben Loftus-Cheek
53%
1995-1996 France Patrick Vieira
47%
2020-2023 Italie Sandro Tonali
41%
1988-1993 Pays-Bas Frank Rijkaard
35%
1995-2013 Italie Massimo Ambrosini
29%
2012-2016 Pays-Bas Nigel de Jong
29%
2019-2024 Bosnie-Herzégovine Rade Krunic
29%
2012-2019 Italie Riccardo Montolivo
29%
1987-1992 Italie Carlo Ancelotti
18%
2025- Italie Samuele Ricci
18%
2014-2020 Italie Giacomo Bonaventura
12%
2008-2013 France Mathieu Flamini
12%
2011-2016 Italie Antonio Nocerino
6%
1980-1993 Italie Alberico Evani
0%
1995-1998 2001-2008 Italie Cristian Brocchi
0%
1988-2002 Italie Demetrio Albertini
0%
1986-1996 1997-1999 Italie Roberto Donadoni
0%
Aucun quiz correspondant
Distribution des résultats
% des personnes avec chaque résultat
Percentile par nombre de réponses
Votre historique - résultats
Vous n’avez pas pris ce quiz depuis la dernière actualisation